[Event "Scarborough CC-ch Reserves U1400"]
[Site "Toronto"]
[Date "2012.03.22"]
[Round "1"]
[White "Kaneshalingam, Mathanhe"]
[Black "Sekar, Varun"]
[Result "0-1"]
[WhiteElo "1114"]
[BlackElo "1294"]
[PlyCount "82"]
[EventDate "2012.03.22"]
[EventType "swiss"]
[EventRounds "9"]
[EventCountry "CAN"]
[SourceTitle "EXT 2022"]
[Source "ChessBase"]
[SourceDate "2021.10.06"]
[SourceVersion "1"]
[SourceVersionDate "2021.10.06"]
[SourceQuality "1"]

1. d4 d5 2. c4 e6 3. Nc3 c5 4. e3 Nf6 5. Nf3 Nc6 6. Be2 dxc4 7. Bxc4 cxd4 8. exd4 Bb4 9. 0-0 0-0 10. Bg5 Be7 11. Re1 h6 12. Bxf6 Bxf6 13. Re4 a6 14. a3 Re8 15. Qd2 b5 16. Bb3 Na5 17. Ba2 Bb7 18. Rg4 Bxf3 19. gxf3 Bg5 20. Qd3 f5 21. Rg2 Rc8 22. Qxf5 Nc4 23. Bxc4 Rxc4 24. Qg4 Rxd4 25. Qg3 e5 26. h3 Qd7 27. Rb1 Bf4 28. Qg6 Rd6 29. Qg4 Qe7 30. Ne4 Rd4 31. Qg6 Rf8 32. Qxa6 Qd7 33. Nc3 Rd8 34. Kh1 Qxh3+ 35. Kg1 Qd7 36. Kh1 Qh3+ 37. Kg1 Qxf3 38. Kh1 Qh5+ 39. Kg1 Rd1+ 40. Rxd1 Rxd1+ 41. Nxd1 Qxd1# 0-1

[Event "Scarborough CC Winter End U1400"]
[Site "Toronto"]
[Date "2012.03.15"]
[Round "5"]
[White "Ming, Wenyang"]
[Black "Sekar, Varun"]
[Result "0-1"]
[WhiteElo "1253"]
[BlackElo "1255"]
[PlyCount "120"]
[EventDate "2012.02.16"]
[EventType "swiss"]
[EventRounds "5"]
[EventCountry "CAN"]
[SourceTitle "EXT 2022"]
[Source "ChessBase"]
[SourceDate "2021.10.06"]
[SourceVersion "1"]
[SourceVersionDate "2021.10.06"]
[SourceQuality "1"]

1. e4 e5 2. Nf3 Nc6 3. Bc4 Bc5 4. Nc3 Nf6 5. d3 h6 6. Be3 Bxe3 7. fxe3 d6 8. Qd2 Bd7 9. 0-0-0 Na5 10. Bb3 Nxb3+ 11. axb3 Bc6 12. h3 Qd7 13. g4 g5 14. Rdf1 Qe6 15. Ne2 0-0-0 16. Ng3 Rhf8 17. Rf2 Rd7 18. Rhf1 Nh7 19. Nf5 Qg6 20. Ng1 h5 21. Ne2 hxg4 22. hxg4 f6 23. Rh1 Qe8 24. Rfh2 Rff7 25. Neg3 b6 26. Nh5 Qd8 27. Nhg7 Nf8 28. Nh5 Rh7 29. Nhg3 Rxh2 30. Rxh2 Rh7 31. Rxh7 Nxh7 32. Qh2 Qd7 33. Qh6 Qf7 34. Nh5 Bd7 35. Qg7 Qxg7 36. Nhxg7 Nf8 37. Kd2 Bxf5 38. exf5 Nd7 39. e4 c6 40. c4 Kd8 41. Ne6+ Ke7 42. d4 exd4 43. Nxd4 Ne5 44. Ke2 Kd7 45. Nf3 Nxg4 46. b4 Ne5 47. Nxe5+ dxe5 48. b3 a5 49. b5 cxb5 50. cxb5 Kd6 51. Kd3 Kc5 52. Kc3 Kxb5 53. Kd3 Kb4 54. Kc2 b5 55. Kd3 Kxb3 56. Ke3 a4 57. Kf3 a3 58. Kg4 a2 59. Kf3 a1Q 60. Kg4 Qh1 0-1